LEADER 04326nam 2200649 450 001 9910812749903321 005 20180613001302.0 010 $a1-4704-0340-4 035 $a(CKB)3360000000464931 035 $a(EBL)3114353 035 $a(SSID)ssj0000910356 035 $a(PQKBManifestationID)11595670 035 $a(PQKBTitleCode)TC0000910356 035 $a(PQKBWorkID)10932140 035 $a(PQKB)10855152 035 $a(MiAaPQ)EBC3114353 035 $a(RPAM)12648088 035 $a(PPN)195416333 035 $a(EXLCZ)993360000000464931 100 $a20020117h20022002 uy| 0 101 0 $aeng 135 $aur|n|---||||| 181 $ctxt 182 $cc 183 $acr 200 10$aAlmost commuting elements in compact Lie groups /$fArmand Borel, Robert Friedman, John W. Morgan 210 1$aProvidence, Rhode Island :$cAmerican Mathematical Society,$d[2002] 210 4$dİ2002 215 $a1 online resource (153 p.) 225 1 $aMemoirs of the American Mathematical Society,$x0065-9266 ;$vnumber 747 300 $a"Volume 157, number 747 (third of 5 numbers)." 311 $a0-8218-2792-8 320 $aIncludes bibliographical references. 327 $a""Contents""; ""Chapter 1. Introduction""; ""1.1. Preliminaries""; ""1.2. The case of commuting pairs in a simply connected group""; ""1.3. c-pairs""; ""1.4. Commuting triples""; ""1.5. C-triples""; ""1.6. Quotients of diagram automorphisms""; ""1.7. Description of S(k) and S[sup(I??c)](g,k)""; ""1.8. Chern-Simons invariants and Witten's ""Clockwise Symmetry Conjecture""""; ""1.9. Outline of the paper""; ""1.10. History""; ""Chapter 2. Almost commuting N-tuples""; ""2.1. An invariant for almost commuting N-tuples""; ""2.2. The case of rank zero""; ""2.3. The case of arbitrary rank"" 327 $a""Chapter 3. Some characterizations of groups of type A""""3.1. Generalities on subroot systems""; ""3.2. Action of CG on an alcove""; ""3.3. A first characterization of groups of type A""; ""3.4. Subgroups associated with elements of the center""; ""3.5. A further characterization of products of groups of type A""; ""3.6. A consequence of Proposition 3.5.1""; ""3.7. Application to generalized Cartan matrices and affine diagrams""; ""3.8. Numerology of clockwise symmetry""; ""Chapter 4. c-pairs""; ""4.1. The rank zero case""; ""4.2. The general case""; ""Chapter 5. Commuting triples"" 327 $a""5.1. Commuting triples of rank zero""""5.2. A list of all simple groups with rank zero commuting triples""; ""5.3. Action of the outer automorphism group of G""; ""5.4. Action of the center of G""; ""5.5. The general case""; ""Chapter 6. Some results on diagram automorphisms and associated root systems""; ""6.1. A chamber structure and a Coxeter group on the fixed subspace""; ""6.2. The restricted root system and the projection root system""; ""6.3. Generalized Cartan matrices for I??[sup(res)](l) and I??[sup(proj)](l)[sup(v)]""; ""6.4. The case of an outer automorphism"" 327 $a""6.5. Further results under an additional hypothesis""""6.6. The case of a subgroup of CI??""; ""6.7. Proof of Theorem 1.6.2""; ""Chapter 7. The fixed subgroup of an automorphism""; ""7.1. A first description of the component group""; ""7.2. Special automorphisms""; ""7.3. A complete description of the component group""; ""7.4. The roots of H[sup(I??)]""; ""7.5. The case of c-pairs""; ""7.6. Variation of I??[sub(0)](Z(x,y)) as x varies""; ""Chapter 8. C-triples""; ""8.1. c-triples of rank zero""; ""8.2. The maximal torus of a c-triple of order k""; ""8.3. The number of components"" 327 $a""10.2. Flat connections and the Chern-Simons invariant"" 410 0$aMemoirs of the American Mathematical Society ;$vno. 747. 606 $aLie groups 606 $aCompact groups 606 $aRoot systems (Algebra) 615 0$aLie groups. 615 0$aCompact groups. 615 0$aRoot systems (Algebra) 676 $a510 s 676 $a512/.55 700 $aBorel$b Armand$045077 702 $aFriedman$b Robert$f1955- 702 $aMorgan$b John$f1946 March 21- 801 0$bMiAaPQ 801 1$bMiAaPQ 801 2$bMiAaPQ 906 $aBOOK 912 $a9910812749903321 996 $aAlmost commuting elements in compact Lie groups$93952115 997 $aUNINA LEADER 05455nam 2200673 a 450 001 9910830995803321 005 20230617021506.0 010 $a1-280-55826-1 010 $a9786610558261 010 $a3-527-60626-2 010 $a3-527-60052-3 035 $a(CKB)1000000000019350 035 $a(EBL)481675 035 $a(OCoLC)609855399 035 $a(SSID)ssj0000307678 035 $a(PQKBManifestationID)11205711 035 $a(PQKBTitleCode)TC0000307678 035 $a(PQKBWorkID)10250546 035 $a(PQKB)11751112 035 $a(MiAaPQ)EBC481675 035 $a(EXLCZ)991000000000019350 100 $a20030324d2003 uy 0 101 0 $aeng 135 $aur|n|---||||| 181 $ctxt 182 $cc 183 $acr 200 10$aReactive distillation$b[electronic resource] $estatus and future directions /$fKai Sundmacher and Achim Kienle (eds.) 210 $aWeinheim $cWiley-VCH$dc2003 215 $a1 online resource (309 p.) 300 $aDescription based upon print version of record. 311 $a3-527-30579-3 320 $aIncludes bibliographical references and index. 327 $aReactive Distillation Status and Future Directions; Contents; Preface; List of Contributors; Part I Industrial Applications; 1 Industrial Applications of Reactive Distillation; 1.1 Introduction; 1.2 Etherification: MTBE, ETBE, and TAME; 1.3 Dimerization, Oligomerization, and Condensation; 1.4 Esterification: Methyl Acetate and Other Esters; 1.5 Hydrolysis of Esters; 1.6 Hydration; 1.7 Hydrogenation/Hydrodesulfurization/Hydrocracking; 1.7.1 Benzene to Cyclohexane; 1.7.2 Selective Hydrogenation of C(4) Stream; 1.7.3 Hydrogenation of Pentadiene; 1.7.4 C(4) Acetylene Conversion 327 $a1.7.5 Hydrodesulfurization, Hydrodenitrogenation, and Hydrocracking1.7.6 Miscellaneous Hydrogenations; 1.8 Chlorination; 1.9 Acetalization/Ketalization; 1.10 Recovery and Purification of Chemicals; 1.11 Difficult Separations; 1.12 Chemical Heat Pumps; 1.13 RD with Supercritical Fluids; 1.14 Conclusions; 2 Reactive Distillation Process Development in the Chemical Process Industries; 2.1 Introduction; 2.2 Process Synthesis; 2.3 Process Design and Optimization; 2.4 Limitations of the Methods for Synthesis and Design: the Scale-Up Problem; 2.5 Choice of Equipment 327 $a2.6 Some Remarks on the Role of Catalysis2.7 Conclusions; 2.8 Acknowledgments; 2.9 Notation; 3 Application of Reactive Distillation and Strategies in Process Design; 3.1 Introduction; 3.2 Challenges in Process Design for Reactive Distillation; 3.2.1 Feasibility Analysis; 3.2.2 Catalyst and Hardware Selection; 3.2.3 Column Scale-Up; 3.3 MTBE Decomposition via Reactive Distillation; 3.3.1 Conceptual Design; 3.3.2 Model Development; 3.3.2.1 Catalyst Selection and Reaction Kinetics; 3.3.2.2 Phase Equilibrium Model; 3.3.2.3 Steady-State Simulation; 3.3.3 Lab-Scale Experiments 327 $a3.3.4 Pilot-Plant Experiments3.4 Conclusions; Part II Physicochemical Fundamentals; 4 Thermodynamics of Reactive Separations; 4.1 Introduction; 4.2 Process Models for Reactive Distillation; 4.2.1 Outline; 4.2.2 Case Study: Methyl Acetate; 4.3 Equilibrium Thermodynamics of Reacting Multiphase Mixtures; 4.4 Fluid Property Models for Reactive Distillation; 4.4.1 Outline; 4.4.2 Examples; 4.4.2.1 Hexyl Acetate: Sensitivity Analysis; 4.4.2.2 Methyl Acetate: Prediction of Polynary Vapor-Liquid Equilibria; 4.4.2.3 Butyl Acetate: Thermodynamic Consistency 327 $a4.4.2.4 Ethyl Acetate: Consequences of Inconsistency4.4.2.5 Formaldehyde + Water + Methanol: Intrinsically Reactive Complex Mixture; 4.5 Experimental Studies of Phase Equilibria in Reacting Systems; 4.5.1 Outline; 4.5.2 Reactive Vapor-Liquid Equilibria; 4.5.2.1 Batch Experiments; 4.5.2.2 Flow Experiments; 4.5.2.3 Recirculation Experiments; 4.6 Conclusions; 4.7 Acknowledgments; 4.8 Notation; 5 Importance of Reaction Kinetics for Catalytic Distillation Processes; 5.1 Introduction; 5.2 Reactive Ideal Binary Mixtures; 5.2.1 Reaction-Distillation Process with External Recycling 327 $a5.2.1.1 (,)-Analysis 330 $aIn a reactive distillation column, both the chemical conversion and the distillative separation of the product mixture are carried out simultaneously. Through this integrative strategy, chemical equilibrium limitations can be overcome, higher selectivities can be achieved and heat of reaction can be directly used for distillation. Increased process efficiency and reduction of investments and operational costs are the direct results of this approach.Highly renowned international experts from both industry and academia review the state-of-the-art and the future directions in application, 606 $aDistillation$vCongresses 606 $aDistillation apparatus$xDesign and construction$vCongresses 606 $aReactivity (Chemistry)$xIndustrial applications$vCongresses 615 0$aDistillation 615 0$aDistillation apparatus$xDesign and construction 615 0$aReactivity (Chemistry)$xIndustrial applications 676 $a660 676 $a660.28425 676 $a660/.28425 701 $aSundmacher$b Kai$0923327 701 $aKienle$b Achim$01608865 712 12$aInternational Workshop on Reactive Distillation 801 0$bMiAaPQ 801 1$bMiAaPQ 801 2$bMiAaPQ 906 $aBOOK 912 $a9910830995803321 996 $aReactive distillation$94111485 997 $aUNINA LEADER 05774nam 2200577Ia 450 001 9910481954703321 005 20200520144314.0 010 $a1-280-38622-3 010 $a9786613564146 010 $a3-642-12397-X 024 7 $a10.1007/978-3-642-12397-9 035 $a(CKB)2670000000010119 035 $a(SSID)ssj0000399448 035 $a(PQKBManifestationID)11290893 035 $a(PQKBTitleCode)TC0000399448 035 $a(PQKBWorkID)10374968 035 $a(PQKB)10861537 035 $a(DE-He213)978-3-642-12397-9 035 $a(MiAaPQ)EBC3065166 035 $a(PPN)149059930 035 $a(EXLCZ)992670000000010119 100 $a20100327d2010 uy 0 101 0 $aeng 135 $aurnn#008mamaa 181 $ctxt 182 $cc 183 $acr 200 00$aDevelopment of multimodal interfaces $eactive listening and synchrony: second COST 2102 International Training School, Dublin, Ireland, March 23-27, 2009, revised selected papers /$fAnna Esposito ... [et. al.] (eds.) 205 $a1st ed. 2010. 210 $aHeidelberg $cSpringer-Verlag Berlin Heidelberg$d2010 215 $a1 online resource (XVII, 446 p. 193 illus.) 225 1 $aLecture Notes in Computer Science,$x0302-9743 ;$v5967 300 $aBibliographic Level Mode of Issuance: Monograph 311 $a3-642-12396-1 327 $aSpacing and Orientation in Co-present Interaction -- Group Cohesion, Cooperation and Synchrony in a Social Model of Language Evolution -- Pointing Gestures and Synchronous Communication Management -- How an Agent Can Detect and Use Synchrony Parameter of Its Own Interaction with a Human? -- Accessible Speech-Based and Multimodal Media Center Interface for Users with Physical Disabilities -- A Controller-Based Animation System for Synchronizing and Realizing Human-Like Conversational Behaviors -- Generating Simple Conversations -- Media Differences in Communication -- Towards Influencing of the Conversational Agent Mental State in the Task of Active Listening -- Integrating Emotions in the TRIPLE ECA Model -- Manipulating Stress and Cognitive Load in Conversational Interactions with a Multimodal System for Crisis Management Support -- Sentic Computing: Exploitation of Common Sense for the Development of Emotion-Sensitive Systems -- Face-to-Face Interaction and the KTH Cooking Show -- Affect Listeners: Acquisition of Affective States by Means of Conversational Systems -- Nonverbal Synchrony or Random Coincidence? How to Tell the Difference -- Biometric Database Acquisition Close to ?Real World? Conditions -- Optimizing Phonetic Encoding for Viennese Unit Selection Speech Synthesis -- Advances on the Use of the Foreign Language Recognizer -- Challenges in Speech Processing of Slavic Languages (Case Studies in Speech Recognition of Czech and Slovak) -- Multiple Feature Extraction and Hierarchical Classifiers for Emotions Recognition -- Emotional Vocal Expressions Recognition Using the COST 2102 Italian Database of Emotional Speech -- Microintonation Analysis of Emotional Speech -- Speech Emotion Modification Using a Cepstral Vocoder -- Analysis of Emotional Voice Using Electroglottogram-Based Temporal Measures of Vocal Fold Opening -- Effects of Smiling on Articulation: Lips, Larynx and Acoustics -- Neural Basis of Emotion Regulation -- Automatic Meeting Participant Role Detection by Dialogue Patterns -- Linguistic and Non-verbal Cues for the Induction of Silent Feedback -- Audiovisual Tools for Phonetic and Articulatory Visualization in Computer-Aided Pronunciation Training -- Gesture Duration and Articulator Velocity in Plosive-Vowel-Transitions -- Stereo Presentation and Binaural Localization in a Memory Game for the Visually Impaired -- Pathological Voice Analysis and Classification Based on Empirical Mode Decomposition -- Disfluencies and the Perspective of Prosodic Fluency -- Subjective Tests and Automatic Sentence Modality Recognition with Recordings of Speech Impaired Children -- The New Italian Audio and Video Emotional Database -- Spoken Dialogue in Virtual Worlds. 330 $aThis volume brings together, through a peer-revision process, the advanced research results obtained by the European COST Action 2102: Cross-Modal Analysis of Verbal and Nonverbal Communication, primarily discussed for the first time at the Second COST 2102 International Training School on ?Development of Multimodal Int- faces: Active Listening and Synchrony? held in Dublin, Ireland, March 23?27 2009. The school was sponsored by COST (European Cooperation in the Field of Sci- tific and Technical Research, www.cost.esf.org ) in the domain of Information and Communication Technologies (ICT) for disseminating the advances of the research activities developed within the COST Action 2102: ?Cross-Modal Analysis of Verbal and Nonverbal Communication? (cost2102.cs.stir.ac.uk) COST Action 2102 in its third year of life brought together about 60 European and 6 overseas scientific laboratories whose aim is to develop interactive dialogue systems and intelligent virtual avatars graphically embodied in a 2D and/or 3D interactive virtual world, capable of interacting intelligently with the environment, other avatars, and particularly with human users. 410 0$aLecture notes in computer science ;$v5967. 606 $aMultimodal user interfaces (Computer systems) 606 $aSynchronization 615 0$aMultimodal user interfaces (Computer systems) 615 0$aSynchronization. 676 $a005.437 676 $a4.019 701 $aEsposito$b Anna$042742 801 0$bMiAaPQ 801 1$bMiAaPQ 801 2$bMiAaPQ 906 $aBOOK 912 $a9910481954703321 996 $aDevelopment of multimodal interfaces$94204996 997 $aUNINA